<?xml version="1.0" encoding="UTF-8"?>
<record
    xmlns:xsi="http://www.w3.org/2001/XMLSchema-instance"
    xsi:schemaLocation="http://www.loc.gov/MARC21/slim http://www.loc.gov/standards/marcxml/schema/MARC21slim.xsd"
    xmlns="http://www.loc.gov/MARC21/slim">

  <leader>04770nam a2200493Ia 4500</leader>
  <controlfield tag="001">dia_5973</controlfield>
  <controlfield tag="003">CHAP</controlfield>
  <controlfield tag="005">20240821111907.0</controlfield>
  <controlfield tag="007">ta</controlfield>
  <controlfield tag="008">220601s2015    mx bdo frm    001 0 spa d</controlfield>
  <datafield tag="040" ind1=" " ind2=" ">
    <subfield code="a">mxchpua</subfield>
    <subfield code="c">CHAP</subfield>
    <subfield code="e">rda</subfield>
  </datafield>
  <datafield tag="041" ind1="0" ind2=" ">
    <subfield code="a">spa</subfield>
    <subfield code="b">eng</subfield>
  </datafield>
  <datafield tag="090" ind1=" " ind2=" ">
    <subfield code="a">Tesis </subfield>
    <subfield code="b">M46 </subfield>
    <subfield code="c">2015</subfield>
  </datafield>
  <datafield tag="100" ind1="1" ind2=" ">
    <subfield code="a">M&#xE9;ndez Miranda, Ma. Beatriz</subfield>
  </datafield>
  <datafield tag="245" ind1="1" ind2="0">
    <subfield code="a">Estudio qu&#xED;mico proximal de harina de nopal (Opuntia ficus indica L.) variedad Atlixco para consumo humano / </subfield>
    <subfield code="c">Ma. Beatriz M&#xE9;ndez Miranda y Mar&#xED;a Josefina Morales Hern&#xE1;ndez</subfield>
  </datafield>
  <datafield tag="264" ind1=" " ind2=" ">
    <subfield code="a">Chapingo, M&#xE9;xico :</subfield>
    <subfield code="b">El autor,</subfield>
    <subfield code="c">2015</subfield>
  </datafield>
  <datafield tag="300" ind1=" " ind2=" ">
    <subfield code="a">103 hojas :</subfield>
    <subfield code="b">mapas, gr&#xE1;ficas, diagramas, tablas, fotos +</subfield>
    <subfield code="e">1 CD-ROM</subfield>
  </datafield>
  <datafield tag="336" ind1=" " ind2=" ">
    <subfield code="2">rdacontent</subfield>
    <subfield code="a">texto</subfield>
    <subfield code="b">txt</subfield>
  </datafield>
  <datafield tag="337" ind1=" " ind2=" ">
    <subfield code="2">rdamedia</subfield>
    <subfield code="a">no mediado</subfield>
    <subfield code="b">n</subfield>
  </datafield>
  <datafield tag="338" ind1=" " ind2=" ">
    <subfield code="2">rdacarrier</subfield>
    <subfield code="a">volumen</subfield>
    <subfield code="b">nc</subfield>
  </datafield>
  <datafield tag="500" ind1=" " ind2=" ">
    <subfield code="a">El CD contiene reporte</subfield>
  </datafield>
  <datafield tag="502" ind1=" " ind2=" ">
    <subfield code="a">Tesis </subfield>
    <subfield code="b">(Ingeniero Agroindustrial) -- </subfield>
    <subfield code="c">UACh. Departamento de Ingenier&#xED;a Agroindustrial, </subfield>
    <subfield code="d">2015</subfield>
  </datafield>
  <datafield tag="504" ind1=" " ind2=" ">
    <subfield code="a">Bibliograf&#xED;a: hojas 60-66</subfield>
  </datafield>
  <datafield tag="520" ind1="3" ind2=" ">
    <subfield code="a">En M&#xE9;xico se consumen preferentemente nopalitos frescos y en minima cantidad nopales maduros, lo anterior se debe a que no se sabe como prepararlo o industrializarlo, ademas del poco conocimiento de las propiedades que este adquiere en su maduracion.Este trabajo presenta los resultados experimentales obtenidos del analisis quimico proximal que se realizo a la harina de nopal usando nopales maduros (Opuntia ficus indica L.) variedad Atlixco mediante un diseno estadistico factorial 22, estudiando los factores edad y condicion osmotica y su efecto sobre algunas caracteristicas de la harina obtenida.Se consideran 2 factores (osmosis y edad) con 2 niveles cada uno en un diseno completamente aleatorizado con tres repeticiones mediante el ANOVA del diseno experimental a un nivel de significancia &#x192;&#xD1;=0.05, permitio encontrar diferencia significativa en el factor a&#xF1;o para las variables respuesta de calcio y cenizas; en el factor osmosis se encontro diferencia significativa en fibra cruda, proteina cruda, materia organica y calcio, en cuanto la interaccion solo se observo en calcio. En este trabajo se encontro que la harina de nopal que se obtuvo con osmosis tuvo mayor rendimiento, la que no tiene osmosis tiene mayor concentracion de componentes y que la produccion de harina de nopal con cladodios maduros si incrementa el contenido de calcio. Este producto podria ser una opcion de ser considerada como complemento alimenticio. --</subfield>
  </datafield>
  <datafield tag="520" ind1="3" ind2=" ">
    <subfield code="a">In Mexico the people preferably nonsmall sticks and in minimal quantity mature, the previous thing owes to itself that is not known how to prepare it or to industrialize it, besides little knowledge of the properties that this one acquires in its ripeness.This work there presents the experimental results obtained of the chemical analysis proximal that was made the flour of prickly pear using mature prickly pear (Opuntia ficus indica L.) Variety Atlixco by means of a factorial statistical design 22, studying the factors age and osmotic condition and its effect on some characteristics of the obtained flour.They are considered to be 2 factors (osmosis and age) with 2 levels each one in a design completely randomized with three repetitions by means of the ANOVA of the experimental design of significance level &#x192;&#xD1;=0.05, significant differences allowed to find in the factor year for the variables answer of calcium and ashes; in the osmosis factor was significant difference in raw fiber, raw protein, organic matter and calcium, in all that the interaction only we observe in calcium. In this work we found that the flour of prickly pear that was obtained with osmosis had improved performance, which does not have osmosis, has improved concentration of components and that the production of flour of prickly pear with mature stem if it increases the content of calcium. This product might be an option to be considered as complement alimentary.</subfield>
  </datafield>
  <datafield tag="650" ind1="1" ind2="7">
    <subfield code="a">Opuntia ficus-indica</subfield>
    <subfield code="2">atg</subfield>
  </datafield>
  <datafield tag="650" ind1="1" ind2="3">
    <subfield code="a">Nopal</subfield>
    <subfield code="x">Harina  </subfield>
    <subfield code="2">atg</subfield>
  </datafield>
  <datafield tag="650" ind1="1" ind2="3">
    <subfield code="a">Nopal</subfield>
    <subfield code="x">An&#xE1;lisis qu&#xED;mico  </subfield>
    <subfield code="2">atg</subfield>
  </datafield>
  <datafield tag="650" ind1="1" ind2="3">
    <subfield code="a">Productos agr&#xED;colas </subfield>
    <subfield code="2">atg</subfield>
  </datafield>
  <datafield tag="650" ind1="1" ind2="3">
    <subfield code="a">Opuntia ficus-indica</subfield>
    <subfield code="x">Flour  </subfield>
    <subfield code="2">atg</subfield>
  </datafield>
  <datafield tag="650" ind1="1" ind2="3">
    <subfield code="a">Opuntia ficus-indica</subfield>
    <subfield code="x">Chemical analysis  </subfield>
    <subfield code="2">atg</subfield>
  </datafield>
  <datafield tag="650" ind1="1" ind2="3">
    <subfield code="a">Agricultural products</subfield>
    <subfield code="2">atg</subfield>
  </datafield>
  <datafield tag="700" ind1="1" ind2=" ">
    <subfield code="a">Morales Hern&#xE1;ndez, Mar&#xED;a Josefina</subfield>
    <subfield code="e">autora</subfield>
  </datafield>
  <datafield tag="700" ind1="1" ind2=" ">
    <subfield code="a">Szymanski Duque, Rosa Guadalupe</subfield>
    <subfield code="e">directora</subfield>
  </datafield>
  <datafield tag="700" ind1="1" ind2=" ">
    <subfield code="a">Espejel Zaragoza, Jos&#xE9; Alfredo</subfield>
    <subfield code="e">asesor</subfield>
  </datafield>
  <datafield tag="700" ind1="1" ind2=" ">
    <subfield code="a">V&#xE1;zquez Pe&#xF1;a, Mario Alberto</subfield>
    <subfield code="e">asesor</subfield>
  </datafield>
  <datafield tag="856" ind1="4" ind2="1">
    <subfield code="u">http://10.13.5.2/tesis/sist111610.pdf</subfield>
    <subfield code="y">DESCARGAR PDF</subfield>
  </datafield>
  <datafield tag="901" ind1=" " ind2=" ">
    <subfield code="a">TESIS M46 2015</subfield>
  </datafield>
  <datafield tag="902" ind1=" " ind2=" ">
    <subfield code="a">M</subfield>
  </datafield>
  <datafield tag="905" ind1=" " ind2=" ">
    <subfield code="a">5232272015                          mx dnml8223123322spa16</subfield>
  </datafield>
  <datafield tag="942" ind1=" " ind2=" ">
    <subfield code="c">TESIS</subfield>
    <subfield code="2">Clasificaci&#xF3;n Universidad Aut&#xF3;noma Chapingo</subfield>
  </datafield>
  <datafield tag="999" ind1=" " ind2=" ">
    <subfield code="c">209632</subfield>
    <subfield code="d">209632</subfield>
  </datafield>
  <datafield tag="952" ind1=" " ind2=" ">
    <subfield code="0">0</subfield>
    <subfield code="1">0</subfield>
    <subfield code="2">local</subfield>
    <subfield code="4">0</subfield>
    <subfield code="5">1</subfield>
    <subfield code="7">0</subfield>
    <subfield code="8">TESIS</subfield>
    <subfield code="a">IA_</subfield>
    <subfield code="b">IA_</subfield>
    <subfield code="d">2022-06-01</subfield>
    <subfield code="e">El autor</subfield>
    <subfield code="l">0</subfield>
    <subfield code="o">Tesis M46 2015</subfield>
    <subfield code="p">1101009388</subfield>
    <subfield code="r">2022-06-01 00:00:00</subfield>
    <subfield code="t">Ej. 3</subfield>
    <subfield code="w">2022-06-01</subfield>
    <subfield code="y">CD</subfield>
  </datafield>
  <datafield tag="952" ind1=" " ind2=" ">
    <subfield code="0">0</subfield>
    <subfield code="1">0</subfield>
    <subfield code="2">local</subfield>
    <subfield code="4">0</subfield>
    <subfield code="5">1</subfield>
    <subfield code="7">0</subfield>
    <subfield code="8">TESIS</subfield>
    <subfield code="a">IA_</subfield>
    <subfield code="b">IA_</subfield>
    <subfield code="d">2022-06-01</subfield>
    <subfield code="e">El autor</subfield>
    <subfield code="l">0</subfield>
    <subfield code="o">Tesis M46 2015</subfield>
    <subfield code="p">1101009386</subfield>
    <subfield code="r">2026-02-02 00:00:00</subfield>
    <subfield code="t">Ej. 1</subfield>
    <subfield code="w">2022-06-01</subfield>
    <subfield code="y">TESIS</subfield>
  </datafield>
  <datafield tag="952" ind1=" " ind2=" ">
    <subfield code="0">0</subfield>
    <subfield code="1">0</subfield>
    <subfield code="2">local</subfield>
    <subfield code="4">0</subfield>
    <subfield code="5">1</subfield>
    <subfield code="7">0</subfield>
    <subfield code="8">TESIS</subfield>
    <subfield code="a">IA_</subfield>
    <subfield code="b">IA_</subfield>
    <subfield code="d">2022-06-01</subfield>
    <subfield code="e">El autor</subfield>
    <subfield code="l">0</subfield>
    <subfield code="o">Tesis M46 2015</subfield>
    <subfield code="p">1101009387</subfield>
    <subfield code="r">2022-06-01 00:00:00</subfield>
    <subfield code="t">Ej. 2</subfield>
    <subfield code="w">2022-06-01</subfield>
    <subfield code="y">CD</subfield>
  </datafield>
  <datafield tag="952" ind1=" " ind2=" ">
    <subfield code="0">0</subfield>
    <subfield code="1">0</subfield>
    <subfield code="2">local</subfield>
    <subfield code="4">0</subfield>
    <subfield code="7">0</subfield>
    <subfield code="8">TesDigL</subfield>
    <subfield code="a">IA_</subfield>
    <subfield code="b">IA_</subfield>
    <subfield code="c">E_L</subfield>
    <subfield code="d">2024-08-21</subfield>
    <subfield code="e">El autor</subfield>
    <subfield code="l">0</subfield>
    <subfield code="p">1201009386</subfield>
    <subfield code="r">2024-08-21 12:22:18</subfield>
    <subfield code="w">2024-08-21</subfield>
    <subfield code="y">TD</subfield>
  </datafield>
</record>
